| 000 | 01676nam a2200397 c 4500 | ||
|---|---|---|---|
| 003 | BLK | ||
| 005 | 20250314100142.0 | ||
| 008 | 180411b bul|||||r ||||||| ||bul|| | ||
| 010 | _aKNG00199438000 | ||
| 020 |
_a978-619-704-058-6 _bиздат.: Светлана Янчева - Изида |
||
| 040 | _aBLK | ||
| 041 |
_aBUL _cBUL |
||
| 072 | 7 |
_2bullib _aН85 _xДетска художествена литература Н |
|
| 080 |
_aМакедонска литература _b821.163.3 _x-93-34 _z821.163.3-93-34 |
||
| 100 | 1 |
_aДонев, Киро _eпърви автор _9345116 |
|
| 700 | 1 |
_aПопова, Яна _eил. _9375126 |
|
| 700 | 1 |
_aКаевски, Александър _eил. _974759 |
|
| 700 | 1 |
_aДабижева, Деница _eпрев. _957831 |
|
| 139 |
_aДонев, Киро _bД 77 |
||
| 245 | 1 | 0 |
_aПриказки за годишните времена _cКиро Донев; ил. Яна Попова; ил. Александър Каевски; прев. Деница Дабижева. |
| 257 | _aMAK | ||
| 260 |
_аСофия _bСветлана Янчева - Изида _c2016 |
||
| 300 |
_a64 с. _bс цв. ил. _c24 см |
||
| 380 | _aDX | ||
| 500 | _aОриг. загл. Ден по ден - година / Киро Донев. | ||
| 653 | _aприказки | ||
| 653 | _aлитература за деца | ||
| 653 | _aдетска литература | ||
| 659 | _aН | ||
| 852 | _aЦб 284134 | ||
| 856 | 4 |
_qpdf _u |
|
| 856 | 4 |
_qpdf _u |
|
| 942 |
_cKNG _n0 _034 |
||
| 944 |
_aCR _c27.01.2017 _lАнна Гръцманова _k30564 |
||
| 944 |
_aED _c13.02.2017 _lф / _kЛюдмила_Стоянова |
||
| 999 |
_c190303 _d190303 |
||